[Event "ITA-chT (Women)"]
[Site "Bacoli"]
[Date "2023.04.29"]
[Round "4.3"]
[White "Spada, Vittoria"]
[Black "Rakic, Vasilija"]
[Result "1-0"]
[WhiteElo "1730"]
[BlackElo "1166"]
[PlyCount "103"]
[EventDate "2023.04.25"]
[EventType "team-tourn"]
[EventRounds "7"]
[EventCountry "ITA"]
[SourceTitle "CBM 214 Extra"]
[Source "ChessBase"]
[SourceDate "2023.07.31"]
[SourceVersion "1"]
[SourceVersionDate "2023.07.31"]
[SourceQuality "1"]

1. d4 Nf6 2. Nf3 d6 3. c4 g6 4. Nc3 Bg7 5. e4 0-0 6. Be2 c5 7. 0-0 cxd4 8. Nxd4 Nc6 9. Nf3 b6 10. a3 Bb7 11. Rb1 Rc8 12. b4 a6 13. Qb3 Na7 14. Bd3 b5 15. cxb5 axb5 16. Re1 Nh5 17. Nxb5 Nxb5 18. Bxb5 Rc3 19. Qd1 Qb6 20. Bd3 Rfc8 21. Be3 Qd8 22. a4 Nf6 23. Bd4 Ra3 24. Bb2 Ra2 25. Qb3 Rxb2 26. Rxb2 Nd7 27. Rc2 Rxc2 28. Qxc2 Qb6 29. Qc4 e6 30. a5 Qa7 31. Qc7 Nb8 32. Ng5 Nd7 33. Qxd7 Qb8 34. Qxf7+ Kh8 35. Nxe6 Qg8 36. Qxg8+ Kxg8 37. Nxg7 Kxg7 38. a6 Ba8 39. Rc1 Kf7 40. a7 Ke7 41. Rc8 Bb7 42. a8Q Bxa8 43. Rxa8 Kd7 44. b5 Kc7 45. Ra6 Kb7 46. Bc4 h5 47. Bd5+ Kc7 48. b6+ Kb8 49. b7 Kc7 50. Ra8 Kd7 51. b8Q Ke7 52. Qd8# 1-0